000 00702cam a22002051 4500
001 000017466
005 20200929165125.0
008 771006s1951 sp a 000 0 spa
040 _aDO-SdBNP
_cViU
_dDLC
041 _aBNGR
050 0 0 _aGR360.G8
_bA6
082 _axxx
_bA473l
100 2 _aÁlvarez García, Heriberto Ramón.
_938185
245 1 0 _aLeyendas y mitos de Guinea. /
_cHeriberto Ramón Álvarez García, prólogo por Antonio de la Nuez Caballero.
260 _aMadrid :
_bInstituto de Estudios Africanos,
_c1951.
300 _a272 p. :
_bil. ;
_c24 cm.
650 0 _aFolklore
_zGuinea.
_938186
700 1 _aNuez Caballero, Antonio de la
_epról.
_938187
910 _aCatalogación derivada
999 _c16991
_d16991